Statystyki dla Popularne Miejsca w Małopolsce.

Kliknij tutaj aby rozwiązać quiz!

Ogólne statystyki

  • Ten quiz został rozwiązany 66 razy
  • Średni wynik to 6 z 8

Statystyki odpowiedzi

Odpowiedź% Poprawnych
Auschwitz
97%
Wawel
97%
Tatry
95%
Trzy Korony
70%
Tarnów
67%
Nowy Sącz
56%
Zamek na Pieskowej Skale.
52%
Babia Góra
28%

Rozkład punktacji

Percentyl według liczby udzielonych odpowiedzi

Procent ludzi z każdym wynikiem

Twoja historia wyników

Nie rozwiązałeś tego quizu